00447nam a2200169Ia 4500008004100000020002200041041000800063082001800071100001700089245005900106250000600165260004500171300001700216365001300233650001400246650001700260210423s2012 xx 000 0 und d a978-81-7319-566-2 aeng a543.0858 MOHO aMOHAN (Jag). aOrganic spectroscopy: principles and applications Ed 2 a2 aNew DelhibNarosa Publishing Housec2012 axiii,548bPB b360cINR aChemistry aSpectroscopy